00526nam a2200169Ia 4500008004100000020001800041041000800059082001800067100002100085245002300106250001100129260004600140300000900186650001100195952013300206999001700339251222s2020 xx 000 0 und d a9788181915153 aeng a616.07524 SUN aSunder, Shyam T. aBlood gas analysis a4th ed aNew DelhibParas Medical Publishersc2020 a425p aCardio 00104070aCPHbCPHcR4S28d2025-03-12eBharathi Publication | BPBg395.00l0o616.07524 SUNpPT2267r2025-12-22w2025-12-22yR c65110d65110